000 00729nam a2200253Ia 4500
003 OSt
005 20220925202513.0
006 a|||||r|||| 00| 0
007 ta
008 220923b |||||||| |||| 00| 0 eng d
037 _cGeneral Book
040 _aRTL
_cRTL
_beng
041 _2eng
_aeng
082 _aa46,12,N8, M8;P0/RR
100 _aKaur Susheel
_9263732
245 0 _aDIRECTORY OF periodicals published in India.Compil
250 _aEd.2
260 _aDelhi
_bSapra and Sapra
_c2000
300 _a1073p
_ccm.
650 _aDirectory of Periodicals
_9263733
700 _a Sapra P
_926998
942 _ha46,12,N8, M8;P0/RR
_cGB
_2CC
999 _c543240
_d543240